Company and industry cases in strategy and policy (Record no. 69557)
[ view plain ]
| 000 -LEADER | |
|---|---|
| fixed length control field | 00723nam a22002057a 4500 |
| 005 - DATE AND TIME OF LATEST TRANSACTION | |
| control field | 20230707141532.0 |
| 040 ## - CATALOGING SOURCE | |
| Transcribing agency | urs |
| 050 ## - LIBRARY OF CONGRESS CALL NUMBER | |
| Classification number | HD 30.28 P43 1986 |
| 100 ## - MAIN ENTRY--PERSONAL NAME | |
| 9 (RLIN) | 5325 |
| Personal name | Pearce, John A., II |
| Relator term | author |
| 245 ## - TITLE STATEMENT | |
| Title | Company and industry cases in strategy and policy |
| Statement of responsibility, etc | John A. Pearce II, Richard B. Robinson, Jr., Larry D. Alexander |
| 260 ## - PUBLICATION, DISTRIBUTION, ETC. (IMPRINT) | |
| Place of publication, distribution, etc | Homewood, Illinois |
| Name of publisher, distributor, etc | Irwin |
| Date of publication, distribution, etc | 1986 |
| 336 ## - CONTENT TYPE | |
| Source | rdacontent |
| Content type term | text |
| Content type code | txt |
| 337 ## - MEDIA TYPE | |
| Source | rdamedia |
| Media type term | unmediated |
| Media type code | n |
| 338 ## - CARRIER TYPE | |
| Source | rdacarrier |
| Carrier type term | volume |
| Carrier type code | nc |
| 650 #0 - SUBJECT ADDED ENTRY--TOPICAL TERM | |
| 9 (RLIN) | 2897 |
| Topical term or geographic name as entry element | Business planning |
| Form subdivision | Case studies |
| 650 #0 - SUBJECT ADDED ENTRY--TOPICAL TERM | |
| 9 (RLIN) | 194 |
| Topical term or geographic name as entry element | Strategic planning. |
| Form subdivision | Case studies |
| 700 ## - ADDED ENTRY--PERSONAL NAME | |
| 9 (RLIN) | 5326 |
| Personal name | Robinson, Richard B., Jr. |
| Relator term | author |
| 700 ## - ADDED ENTRY--PERSONAL NAME | |
| 9 (RLIN) | 5327 |
| Personal name | Alexander, Larry D. |
| Relator term | author |
| 942 ## - ADDED ENTRY ELEMENTS (KOHA) | |
| Source of classification or shelving scheme | Library of Congress Classification |
| Koha item type | Foreign Books |
| Withdrawn status | Lost status | Source of classification or shelving scheme | Damaged status | Not for loan | Home library | Current library | Shelving location | Date acquired | Total Checkouts | Full call number | Barcode | Date last seen | Price effective from | Koha item type |
|---|---|---|---|---|---|---|---|---|---|---|---|---|---|---|
| Library of Congress Classification | Binangonan College Library | Binangonan College Library | Foreign Section | 07/07/2023 | HD 30.28 P43 1986 | URSBIN-FR1011 | 07/07/2023 | 07/07/2023 | Foreign Books |